000 00769nam a2200193Ii 4500
003 JO-AjNU
008 230605s9999||||xx |||||||||||||| ||und||
040 _aJO-AjNU
_bara
_erda
_cJO-AjNU
041 _aara
050 1 4 _aHF 5635 1988
100 3 _aتأليف القاموسي،ضياء عبد المحسن/م.مشارك عدنان عبد الحميد الحديثي,
_eauthor
_935024
245 0 0 _aمبادىء المحاسبة
264 3 1 _aبغداد: دار التقني،1988
300 _a672ص
_bيحتوي على مصطلحات من ص 659-664ص،يحتوي على ببلوغرافية من ص665-667ص
336 _atext
_btxt
_2rdacontent
337 _aunmediated
_bn
_2rdamedia
338 _avolume
_bnc
_2rdacarrier
650 4 _aالمحاسبة
_935025
999 _aA14418
_c17986
_d17986